Los estudios bíblicos en la actualidad (Record no. 134491)

MARC details
000 -LEADER
campo de control de longitud fija 00934nam a2200241 i 4500
001 - NÚMERO DE CONTROL
campo de control 134491
003 - IDENTIFICADOR DE NÚMERO DE CONTROL
campo de control ES-MaACL
005 - FECHA Y HORA DE LA ÚLTIMA TRANSACCIÓN
campo de control 20251201194157.0
007 - CAMPO FIJO DE DESCRIPCIÓN FÍSICA--INFORMACIÓN GENERAL
campo de control de longitud fija t|
008 - DATOS DE LONGITUD FIJA--INFORMACIÓN GENERAL
campo de control de longitud fija 070911s1973 sp |||| | spa d
020 ## - NÚMERO INTERNACIONAL ESTÁNDAR DEL LIBRO
Número Internacional Estándar del Libro 84-304-1110-0
080 ## - NÚMERO DE LA CLASIFICACIÓN DECIMAL UNIVERSAL
Número de la Clasificación Decimal Universal 22.017(063)
111 2# - ENTRADA PRINCIPAL--NOMBRE DE CONGRESO/REUNIÓN
Nombre de congreso/reunión o jurisdicción como elemento de entrada Semaine de Etudes Bibliques (
Fecha del congreso o de la firma del tratado 1965.
Sede del congreso/Lugar de la reunión Strasbourg)
9 (RLIN) 970
245 14 - MENCIÓN DEL TÍTULO
Título Los estudios bíblicos en la actualidad
Resto del título : los grandes problemas de la Exégesis /
Mención de responsabilidad, etc. [texto revisado de las conferencias] bajo la dirección de... Jean-Julien Weber y Joseph Schmitt... ; traducción del francés por Diorki.
260 ## - PUBLICACIÓN, DISTRIBUCIÓN, ETC.
Lugar de publicación, distribución, etc. Madrid :
Nombre del editor, distribuidor, etc. Studium,
Fecha de publicación, distribución, etc. [1973]
300 ## - DESCRIPCIÓN FÍSICA
Extensión 219 p. ;
Dimensiones 22 cm.
630 #0 - PUNTO DE ACCESO ADICIONAL DE MATERIA--TÍTULO UNIFORME
Título uniforme Biblia-
Subdivisión general Crítica e interpretación-
Subdivisión de forma Congresos y asambleas.
9 (RLIN) 163399
700 1# - ENTRADA AGREGADA--NOMBRE PERSONAL
Nombre de persona Weber, Jean Julien,
Títulos y otros términos asociados al nombre Obispo de Estrasburgo
9 (RLIN) 144778
700 1# - ENTRADA AGREGADA--NOMBRE PERSONAL
Nombre de persona Schmitt, Joseph.
9 (RLIN) 104521
710 2# - ENTRADA AGREGADA--NOMBRE DE ENTIDAD CORPORATIVA
Nombre de entidad corporativa o nombre de jurisdicción como elemento de entrada Diorki.
9 (RLIN) 3392
852 ## - LOCALIZACIÓN
Ubicación ES-MaACL
Número de control de estantería C-51919
Holdings
Estatus retirado Estado de pérdida Estado de daño No para préstamo Biblioteca de origen Biblioteca actual Ubicación en estantería Fecha de adquisición Fuente de adquisición Total de préstamos Signatura topográfica completa Código de barras Visto por última vez Precio de reemplazo Tipo de ítem Koha
        Biblioteca del Ateneo de Madrid Biblioteca del Ateneo de Madrid Depósito 2 17/01/2008     C-51919 1139988 23/02/2023 23/02/2023 Libro impreso